000 00427nam a2200157Ia 4500
003 GCL
008 140319s9999 xx 000 0 eng d
040 _aGCL /
_cGCL
082 0 4 _a158.1
_bK O
100 1 _aKOWALSKI, REINHARD
245 1 0 _aDISCOVERING YOURSELF: BREAKING WALLS BUILDING BRIDGES /
_cKOWALSKI, REINHARD
260 _a[S.N] :
_bROUTLEDGE ،
_c1993
300 _a190 P
650 0 4 _aPERSONALITY
942 _2ddc
_cBK
999 _c19456
_d19456